000
00293nam a22001337a 4500
008
190205b xxu||||| |||| 00| 0 eng d
020
_a
0471635492
041
_a
eng
080
_a
910
100
_a
43
101
_a
GJEO
245
_a
Essentials of Ocean Science
_c
Stowe, K
942
_2
udc
_c
BK
999
_c
54016
_d
54016